| 000 | 01344 a2200205 4500 | ||
|---|---|---|---|
| 001 | 35549 | ||
| 005 | 20260407155636.0 | ||
| 008 | 260407a1979 arg spa d | ||
| 003 | AR-UNSa-BCEJYS | ||
| 040 |
_aAR-UNSa-BCEJYS _bspa _cAR-UNSa-BCEJYS |
||
| 080 |
_a658.012.32 _xFormas de organización, de gestión |
||
| 245 | 1 | 0 |
_aTécnicas de dirección de personal _pmanual de personal |
| 020 | _a968-18-0264-0 | ||
| 264 | 1 |
_aMéxico : _bLimusa _c1979 |
|
| 300 |
_a471 p. _c23 cm. |
||
| 505 | _a1. Administración de personal - 2. Admisión y contratación de personal - 3. Métodos modernos de selección del personal - 4. Formación del personal - 5. Vinculación a la empresa - 6. Valoración de tareas - 7. Métodos de estimación de tareas - 8. El sistema de puntos aplicados a la evaluación de tareas - 9. Inventario del potencial humano - 10. Estructura de salarios - 11. Escalas de salarios - 12. Administración de salarios - 13. Estímulos verticales - 14. Sistemas modernos de incentivos - 15. Servicios y beneficios complementarios - 16. Sistema de información - 17. Ética y espiritu de equipo - 18. Organización formal e informal - 19. Relaciones laborales - 20. Normas y reglamentos - 21. Factores fisiológicos - 22. Ruidos. | ||
| 942 | _cBK | ||
| 590 | _aniveau_biblio:m niveau_hierar:0 | ||
| 100 | 1 | _aLucas Ortueta, Ramón de | |
| 999 |
_c2566 _d2566 |
||